Meilleurs Buteurs de Ligue 1 en 2024-2025 - Statistiques

Statistiques générales
  • Ce quiz a été pris 111 fois
  • Le résultat moyen est 13 sur 20
Statistiques - réponses
Nombre de Buts Club Joueurs de Foot % Correct
21 Paris Saint-Germain Ousmane Dembélé
99%
21 Olympique de Marseille Mason Greenwood
89%
15 Olympique Lyonnais Alexandre Lacazette
88%
14 Paris Saint-Germain Bradley Barcola
87%
16 Lille OSC Jonathan David
83%
13 Olympique de Marseille Amine Gouiri
76%
12 AS Saint-Etienne Lucas Stassin
73%
17 Stade Rennais Arnaud Kalimuendo
70%
14 Strasbourg Emanuel Emegha
67%
10 Paris Saint-Germain Gonçalo Ramos
67%
13 Stade Brestois Ludovis Ajorque
67%
11 Olympique Lyonnais Georges Mikautadze
64%
13 Monaco Mika Biereth
58%
11 OGC Nice Gaëtan Laborde
54%
10 AJ Auxerre Gaetan Perrin
49%
11 Stade de Reims Keito Nakamura
47%
12 OGC Nice Evann Guessand
46%
10 Havre Athletic Club Abdoulaye Touré
35%
10 AJ Auxerre Hamed Traorè
35%
10 Strasbourg Andrey Santos
32%
Aucun quiz correspondant
Distribution des résultats
% des personnes avec chaque résultat
Percentile par nombre de réponses
Votre historique - résultats
Vous n’avez pas pris ce quiz